25 Countries in Czech - Statistics

General Stats
  • This quiz has been taken 68 times
  • The average score is 21 of 25
Answer Stats
Czech English % Correct
Čína China
98%
Spojené Království United Kingdom
98%
Ukrajina Ukraine
97%
Bělorusko Belarus
95%
Irsko Ireland
95%
Chorvatsko Croatia
94%
Dánsko Denmark
94%
Německo Germany
94%
Island Iceland
94%
Spojené Státy USA
94%
Turecko Turkey
92%
Švýcarsko Switzerland
90%
Kypr Cyprus
89%
Alžírsko Algeria
85%
Řecko Greece
84%
Rakousko Austria
82%
Maďarsko Hungary
81%
Nizozemsko Netherlands
81%
Černá Hora Montenegro
76%
Lotyšsko Latvia
74%
Středoafrická Republika Central African Republic
66%
Kapverdy Cape Verde
65%
Gruzie Georgia
65%
Svazijsko Eswatini
52%
Pobřeží Slonoviny Ivory Coast
42%
No matching quizzes found
Score Distribution
Percent of People with Each Score
Percentile by Number Answered
Your Score History
You have not taken this quiz